| 000 | 00809cam a2200265 4500 | ||
|---|---|---|---|
| 008 | 090401t1997 xxu||||| |||| 00| 0 eng d | ||
| 020 | _a0421562609 | ||
| 035 | _a(Sirsi) u81821 | ||
| 041 | _aeng | ||
| 050 | _a346.410434 | ||
| 100 | _aDowding, Nicholas | ||
| 245 | _aDilapidations : the modern law and practice. - First supplement. | ||
| 260 |
_aLondon _bSweet & Maxwell _c1997 |
||
| 300 | _axxvii,131p. ; 25cm. | ||
| 350 | _a38 | ||
| 520 | _aSupplement to accompany 1st edition of main work (ISBN 0421374306) Replaced by 2000 edition ISBN 0421720400 | ||
| 650 |
_aDilapidations _96235 |
||
| 650 | _aLANDLORD AND TENANT LAW | ||
| 650 | _aLEASES | ||
| 650 | _aREPAIRING COVENANTS | ||
| 690 | _aPROPERTY-LANDLORD AND TENANT | ||
| 700 | _aReynolds, Kirk | ||
| 942 | _n0 | ||
| 948 | _c31/10/1997 | ||
| 999 |
_c96750 _d96750 |
||